000 00310nam a22001337a 4500
008 171030b xxu||||| |||| 00| 0 eng d
020 _a0138819203
041 _aeng
080 _a336
100 _a56
101 _aFIN
245 _aTHE TOTAL HANDBOOK OF TRANSACTIONAL ANALYSIS
_cWOOLAMS,S
942 _2udc
_cBK
999 _c36340
_d36340